Invernaderos: diseño, construcción y climatización
Збережено в:
| Автори: | , |
|---|---|
| Формат: | Книга |
| Мова: | Іспанська |
| Опубліковано: |
Madrid
Mundi- Prensa
1995
|
| Редагування: | 2a. ed |
| Предмети: | |
| Теги: |
Додати тег
Немає тегів, Будьте першим, хто поставить тег для цього запису!
|
MARC
| LEADER | 00000nam a2200000 a 4500 | ||
|---|---|---|---|
| 001 | UCI0835 | ||
| 003 | CL-VaPUC | ||
| 008 | 070601e19950000SP |||||||||||||||||spa|d | ||
| 020 | |a 8471144980 | ||
| 082 | 0 | 4 | |a 631.34 |b GON |2 21 |
| 100 | 0 | |a González Matallana, Antonio |e author |9 520969 | |
| 700 | 0 | |a Montero Camacho, Juan Ignacio |e author |9 520970 | |
| 245 | 1 | 0 | |a Invernaderos: diseño, construcción y climatización |
| 250 | |a 2a. ed | ||
| 300 | |a 209 p | ||
| 942 | |c BK | ||
| 945 | |d 20070601 00:00:00 |a jtorresc | ||
| 260 | |a Madrid |b Mundi- Prensa |c 1995 | ||
| 650 | 7 | |a INVERNADEROS DISEÑO Y CONSTRUCCION |2 CL-VaPUC |9 264496 | |
| 650 | 0 | |a Invernaderos |9 264317 | |
| 650 | 7 | |a MATERIALES DE CONTRUCCION |2 CL-VaPUC |9 520971 | |
| 650 | 0 | |a Diseño arquitectónico |9 265271 | |
| 650 | 0 | |a Ambientación |9 520972 | |
| 650 | 0 | |a Agricultura |9 255598 | |
| 583 | |a last modification |c 20140404 10:44:01 |k Rodrigo Vera | ||
| 999 | |c 325813 |d 325811 | ||
| 952 | |0 0 |1 0 |4 0 |6 631_340000000000000_GON_1995 |7 0 |8 A |9 407164 |a BIBAGR |b BIBAGR |d 2019-11-22 |i 4344227 |o 631.34 GON 1995 |p 4344227 |r 2025-01-20 |w 2019-11-22 |y BK |k AGR | ||